| 000 | 00718nam a2200253Ia 4500 | ||
|---|---|---|---|
| 003 | OSt | ||
| 005 | 20220918214513.0 | ||
| 006 | a|||||r|||| 00| 0 | ||
| 007 | ta | ||
| 008 | 220917b |||||||| |||| 00| 0 eng d | ||
| 024 | _a137,731 | ||
| 037 | _cTextual | ||
| 040 |
_aARTS _cARTS _beng |
||
| 041 |
_2eng _aeng |
||
| 082 | _aY:356:(Z).6, L4 | ||
| 100 |
_aGluckman Max _9131537 |
||
| 245 | 0 | _aAfrican traditional law in historical perspectives | |
| 260 |
_aLondon _bOxford University Press _c1974 |
||
| 300 |
_a45p. _ccm. |
||
| 490 | _aRadcliffs Brown Lectures in social anthropology | ||
| 650 | _aSOCIOLOGY | ||
| 942 |
_hY:356:(Z).6, L4 _cTEXL _2CC |
||
| 999 |
_c260810 _d260810 |
||